[Event "Friendly match Novi Sad-Turkey, A group"]
[Site "Novi Sad"]
[Date "2019.06.30"]
[Round "6"]
[White "Celik, Hasan Huseyin"]
[Black "Jevtic, Miodrag"]
[Result "1/2-1/2"]
[WhiteElo "1727"]
[BlackElo "2234"]
[PlyCount "109"]
[EventDate "2019.??.??"]

1. e4 e5 2. f4 exf4 3. Nf3 c6 4. d4 d5 5. e5 g5 6. h3 h6 7. Bd3 Bg7 8. O-O Ne7
9. h4 Nf5 10. c3 Ng3 11. Re1 Be6 12. Qb3 b6 13. Na3 Nd7 14. c4 a6 15. cxd5 cxd5
16. Bd2 Bf8 17. Rac1 Be7 18. Rc6 Kf8 19. Rec1 Kg7 20. Nh2 b5 21. Bb4 Bxb4 22.
Qxb4 Re8 23. Nf1 Nxf1 24. Bxf1 gxh4 25. Nc2 Qg5 26. Ne1 h3 27. Nf3 Qg3 28. Qe1
hxg2 29. Qxg3+ fxg3 30. Kxg2 Nf8 31. Kxg3 Rec8 32. Bh3 Rxc6 33. Rxc6 a5 34. Nh4
Bxh3 35. Kxh3 Ne6 36. Nf5+ Kg6 37. Ne7+ Kg5 38. Nxd5 Nxd4 39. Rf6 Re8 40. Rf4
Nc6 41. Rxf7 Rxe5 42. Nc3 b4 43. Na4 Ne7 44. Rf8 Ng6 45. Ra8 h5 46. Nb6 Re3+
47. Kg2 Re2+ 48. Kf3 Rxb2 49. Rxa5+ Kh6 50. Nc4 Rb1 51. Ne3 h4 52. Rb5 Rb2 53.
Kg4 Rxa2 54. Nf5+ Kh7 55. Rxb4 1/2-1/2

[Event "Friendly match Novi Sad-Turkey, A group"]
[Site "Novi Sad"]
[Date "2019.06.30"]
[Round "6"]
[White "Sahin, Ozgun"]
[Black "Jotic, Vladimir"]
[Result "1/2-1/2"]
[WhiteElo "2234"]
[BlackElo "2339"]
[PlyCount "61"]
[EventDate "2019.??.??"]

1. e4 c5 2. Nc3 a6 3. g3 Nc6 4. Bg2 g6 5. d3 Bg7 6. f4 d6 7. Nf3 Nf6 8. O-O O-O
9. h3 Rb8 10. g4 Nd7 11. f5 e6 12. g5 Re8 13. f6 Bf8 14. h4 b5 15. h5 Nde5 16.
hxg6 fxg6 17. Bf4 Rb7 18. Ne2 Nf7 19. Ng3 e5 20. Be3 Be6 21. Nh4 d5 22. exd5
Bxd5 23. Ne4 c4 24. dxc4 bxc4 25. b3 Rd7 26. Qe2 Nd4 27. Qf2 Qa8 28. Bh3 Be6
29. Bg2 Bd5 30. Bh3 Be6 31. Bg2 1/2-1/2

[Event "Friendly match Novi Sad-Turkey, A group"]
[Site "Novi Sad"]
[Date "2019.06.30"]
[Round "6"]
[White "Dolgun, Can"]
[Black "Leskur, Dejan"]
[Result "0-1"]
[WhiteElo "1931"]
[BlackElo "2338"]
[PlyCount "142"]
[EventDate "2019.??.??"]

1. e4 g6 2. d4 d6 3. Nc3 Bg7 4. f4 a6 5. Nf3 b5 6. Bd3 Nd7 7. O-O c5 8. d5 c4
9. Be2 Qc7 10. Nd4 Ngf6 11. Bf3 Bb7 12. a3 O-O 13. Be3 Nc5 14. Bf2 e6 15. Qd2
e5 16. fxe5 dxe5 17. Nde2 Ne8 18. d6 Nxd6 19. Nd5 Ncxe4 20. Nxc7 Nxd2 21. Bxb7
Nxb7 22. Nxa8 Nxf1 23. Nc7 Nd2 24. Nc3 Bh6 25. Rd1 f5 26. Nxa6 e4 27. Nd5 Rd8
28. Nab4 Kf7 29. Bb6 Rd6 30. Kf2 c3 31. b3 Bg7 32. Be3 h6 33. Bxd2 cxd2 34.
Rxd2 Bb2 35. a4 bxa4 36. bxa4 Bc3 37. Re2 Bd4+ 38. Kf1 Na5 39. c3 Bc5 40. g4
Nc4 41. gxf5 gxf5 42. Ra2 Na5 43. Nf4 Rd1+ 44. Kg2 Rg1+ 45. Kh3 Bd6 46. Nbd5
Rf1 47. Kg2 Rb1 48. h3 Be5 49. Ne2 Rb3 50. Nc1 Rb8 51. Ne2 Rg8+ 52. Kf2 Ke6 53.
Ndf4+ Bxf4 54. Nxf4+ Ke5 55. Ne2 Rb8 56. Rd2 e3+ 57. Kxe3 Nc4+ 58. Kd3 Nxd2 59.
Kxd2 Ra8 60. Ke3 Rxa4 61. Nd4 Rc4 62. Nf3+ Kd5 63. Kd3 Rf4 64. Ke3 Re4+ 65. Kd3
f4 66. Ng1 Re3+ 67. Kd2 Ke4 68. h4 f3 69. Nh3 Re2+ 70. Kd1 Rh2 71. Ng1 Rh1 0-1

[Event "Friendly match Novi Sad-Turkey, A group"]
[Site "Novi Sad"]
[Date "2019.06.30"]
[Round "6"]
[White "Parezanin, Darko"]
[Black "Kojovic, Dragan"]
[Result "1/2-1/2"]
[WhiteElo "2242"]
[BlackElo "2344"]
[PlyCount "91"]
[EventDate "2019.??.??"]

1. e4 e6 2. Nf3 d5 3. Nc3 Nf6 4. e5 Nfd7 5. d4 c5 6. dxc5 Nc6 7. Bf4 Nxc5 8.
Be2 a6 9. O-O Be7 10. Re1 f5 11. exf6 Bxf6 12. Bf1 O-O 13. Ne5 Nxe5 14. Bxe5
Bxe5 15. Rxe5 Qf6 16. Re2 b6 17. f3 Bb7 18. Qe1 a5 19. Rd2 Rad8 20. Rad1 Bc6
21. Qe3 Rd7 22. a3 Rfd8 23. Nb5 e5 24. Re1 Re7 25. b4 axb4 26. axb4 Bxb5 27.
Bxb5 d4 28. Bc4+ Kf8 29. Qe2 Na4 30. Bb3 Nc3 31. Qc4 Nd5 32. f4 exf4 33. Rxe7
Nxe7 34. Re2 d3 35. cxd3 Rc8 36. Qe4 Rc1+ 37. Re1 Rxe1+ 38. Qxe1 Qd4+ 39. Kh1
Qxd3 40. Ba2 Nc6 41. h3 Qe3 42. Qd1 Nd4 43. Qh5 Qe1+ 44. Kh2 Qg3+ 45. Kh1 Qe1+
46. Kh2 1/2-1/2

[Event "Friendly match Novi Sad-Turkey, A group"]
[Site "Novi Sad"]
[Date "2019.06.30"]
[Round "7"]
[White "Leskur, Dejan"]
[Black "Danaci, Ege"]
[Result "1-0"]
[WhiteElo "2338"]
[BlackElo "1909"]
[PlyCount "154"]
[EventDate "2019.??.??"]

1. Nf3 d5 2. b3 Nf6 3. Bb2 Bf5 4. c4 e6 5. g3 h6 6. Bg2 Be7 7. O-O O-O 8. d3
Nbd7 9. Nbd2 c6 10. a3 a5 11. Qc2 Bh7 12. Bc3 Re8 13. Qb2 Bf8 14. b4 axb4 15.
axb4 Rxa1 16. Rxa1 dxc4 17. Nxc4 Nd5 18. Bd2 Qf6 19. d4 N7b6 20. Nfe5 Nxc4 21.
Nxc4 Qd8 22. e4 Nb6 23. Na5 Qd7 24. Be3 Nc8 25. f3 Nd6 26. Bf2 b6 27. Nb3 Nb5
28. Nd2 Rd8 29. Nc4 Qc7 30. Ra6 Rb8 31. Bf1 Nd6 32. Ne5 f6 33. Nd3 Bg6 34. Ra1
Bf7 35. Rc1 Qb7 36. Qc2 Rc8 37. e5 Nb5 38. Nf4 Rd8 39. exf6 gxf6 40. Qxc6 Qxc6
41. Rxc6 Nxd4 42. Bxd4 Rxd4 43. Nxe6 Rxb4 44. Nxf8 Kxf8 45. Rxf6 Kg7 46. Rf5
Rb1 47. Kf2 Be6 48. Re5 Ba2 49. g4 Bb3 50. h4 Bd1 51. Bd3 Rc1 52. Re7+ Kg8 53.
Re6 Rc7 54. Be4 b5 55. Rb6 Rc5 56. Ke3 h5 57. g5 Bb3 58. Kd4 Rc4+ 59. Ke5 Rc8
60. Rxb5 Ba4 61. Rb6 Be8 62. Bd5+ Kg7 63. Rb7+ Kh8 64. f4 Bg6 65. Rb6 Kg7 66.
f5 Re8+ 67. Be6 Bh7 68. Rb7+ Kh8 69. Rd7 Ra8 70. Kf6 Rf8+ 71. Bf7 Bg8 72. g6
Ra8 73. Bxg8 Kxg8 74. Kg5 Ra5 75. Kh6 Rxf5 76. Rd8+ Rf8 77. Rxf8+ Kxf8 1-0

[Event "Friendly match Novi Sad-Turkey, A group"]
[Site "Novi Sad"]
[Date "2019.06.30"]
[Round "7"]
[White "Kojovic, Dragan"]
[Black "Sahin, Ozgun"]
[Result "1-0"]
[WhiteElo "2344"]
[BlackElo "2234"]
[PlyCount "77"]
[EventDate "2019.??.??"]

1. d4 d5 2. Nf3 Nf6 3. e3 c6 4. c4 e6 5. Be2 Nbd7 6. b3 Bd6 7. O-O O-O 8. Ba3
Bxa3 9. Nxa3 Qe7 10. Nc2 b6 11. Qd2 c5 12. cxd5 Nxd5 13. a3 Bb7 14. e4 N5f6 15.
e5 Nd5 16. b4 cxd4 17. Ncxd4 a5 18. Rab1 axb4 19. axb4 Rfc8 20. Rb3 Nf8 21. g3
Ng6 22. Bd3 Qc7 23. Re1 Ra4 24. h4 Nge7 25. Nb5 Qd7 26. Nd6 Rf8 27. Bb5 Bc6 28.
Bxa4 Bxa4 29. Ra3 b5 30. Ne4 Nc6 31. Nc5 Qe7 32. Nxa4 bxa4 33. Rxa4 Ndxb4 34.
Qd6 Qxd6 35. exd6 Rd8 36. Rc1 Kf8 37. Rc4 Rb8 38. Nd4 Nxd4 39. Raxb4 1-0

[Event "Friendly match Novi Sad-Turkey, A group"]
[Site "Novi Sad"]
[Date "2019.06.30"]
[Round "7"]
[White "Jotic, Vladimir"]
[Black "Dolgun, Can"]
[Result "0-1"]
[WhiteElo "2339"]
[BlackElo "1931"]
[PlyCount "52"]
[EventDate "2019.??.??"]

1. e4 e5 2. Nc3 Nf6 3. Bc4 Bc5 4. d3 Nc6 5. f4 d6 6. Nf3 Bg4 7. h3 Bxf3 8. Qxf3
Nd4 9. Qd1 Nd7 10. h4 exf4 11. Bxf4 Ne5 12. Bxe5 dxe5 13. Qh5 Qe7 14. O-O-O c6
15. Rde1 O-O 16. Rh3 b5 17. Bb3 a5 18. Bd5 b4 19. Bxc6 bxc3 20. Bxa8 cxb2+ 21.
Kb1 Rxa8 22. Rg3 Nb5 23. Qh6 g6 24. h5 Nc3+ 25. Kxb2 Ba3+ 26. Ka1 Qb7 0-1

[Event "Friendly match Novi Sad-Turkey, A group"]
[Site "Novi Sad"]
[Date "2019.06.30"]
[Round "7"]
[White "Remecki, Sinisa"]
[Black "Celik, Hasan Huseyin"]
[Result "1/2-1/2"]
[WhiteElo "2254"]
[BlackElo "1727"]
[Annotator ",Nsk"]
[PlyCount "79"]
[EventDate "2019.??.??"]

1. Nf3 d5 2. b3 c5 3. Bb2 Nc6 4. e3 e6 5. Bb5 Nf6 6. Ne5 Qb6 7. Bxc6+ bxc6 8.
O-O Be7 9. Nc3 c4 10. Qc1 cxb3 11. axb3 Bb7 12. Na4 Qc7 13. d4 Ba6 14. Re1 Bb5
15. Nd3 Bxd3 16. cxd3 Rb8 17. Qc3 Bb4 18. Qc2 Bxe1 19. Rxe1 O-O 20. Rc1 Nd7 21.
h4 Rfc8 22. Ba3 Rb5 23. h5 Rcb8 24. b4 a5 25. Nc3 R5b7 26. bxa5 Qxa5 27. Bd6
Rb2 28. Qd1 R8b3 29. Ne2 Qd2 30. Qxd2 Rxd2 31. Rxc6 h6 32. Nf4 Rb1+ 33. Kh2
Rxf2 34. Rc8+ Kh7 35. Rc7 Nf6 36. Be5 Re1 37. Bxf6 gxf6 38. Nxe6 Rxe3 39. Rxf7+
Kh8 40. Rf8+ 1/2-1/2

[Event "Friendly match Novi Sad-Turkey, A group"]
[Site "Novi Sad"]
[Date "2019.07.01"]
[Round "8"]
[White "Celik, Hasan Huseyin"]
[Black "Leskur, Dejan"]
[Result "1-0"]
[WhiteElo "1727"]
[BlackElo "2338"]
[PlyCount "89"]
[EventDate "2019.??.??"]

1. e4 g6 2. d4 d6 3. Nc3 Bg7 4. Be3 a6 5. Nf3 Nf6 6. h3 O-O 7. Be2 b5 8. a3 Bb7
9. e5 Nd5 10. Nxd5 Bxd5 11. Qd2 Nd7 12. Bh6 c6 13. exd6 exd6 14. Bxg7 Kxg7 15.
h4 h5 16. O-O-O Nf6 17. Ng5 a5 18. f3 b4 19. a4 Re8 20. Rhg1 Qe7 21. Bd3 Qe3
22. Qxe3 Rxe3 23. Rde1 Ree8 24. Kd2 c5 25. dxc5 dxc5 26. Bb5 Rxe1 27. Rxe1 Kf8
28. Re5 Rd8 29. Kc1 Rc8 30. Nh7+ Nxh7 31. Rxd5 Rc7 32. Rd8+ Ke7 33. Ra8 Nf6 34.
Rxa5 Nd5 35. Kd2 Nf4 36. g3 Ne6 37. c3 bxc3+ 38. bxc3 f6 39. Ra8 g5 40. Rh8 Ng7
41. a5 Kd6 42. hxg5 fxg5 43. Rh6+ Kd5 44. c4+ Ke5 45. a6 1-0

[Event "Friendly match Novi Sad-Turkey, A group"]
[Site "Novi Sad"]
[Date "2019.07.01"]
[Round "8"]
[White "Danaci, Ege"]
[Black "Jotic, Vladimir"]
[Result "0-1"]
[WhiteElo "1909"]
[BlackElo "2339"]
[PlyCount "82"]
[EventDate "2019.??.??"]

1. e4 c5 2. Nf3 e6 3. g3 Nc6 4. Bg2 e5 5. d3 g6 6. O-O Bg7 7. Nbd2 Nge7 8. Re1
O-O 9. Nf1 d6 10. h4 h6 11. Ne3 Be6 12. h5 Qd7 13. Nh2 g5 14. g4 d5 15. Nf5 d4
16. Nf1 b5 17. b3 c4 18. bxc4 bxc4 19. Qf3 f6 20. Ba3 c3 21. N1g3 a5 22. Reb1
Nb4 23. Bxb4 axb4 24. Rxb4 Bxa2 25. Kh2 Ra6 26. Qd1 Rfa8 27. Ne2 Bf8 28. Nc1
Nc6 29. Rbb1 Bxb1 30. Rxb1 Ra1 31. Nb3 Rxb1 32. Qxb1 Qa7 33. Bf3 Qa2 34. Qd1
Qb2 35. Nbxd4 Nxd4 36. Nxd4 Ra1 37. Qe2 exd4 38. e5 Qc1 39. Bd5+ Kh8 40. e6
Bd6+ 41. Kh3 Qf4 0-1

[Event "Friendly match Novi Sad-Turkey, A group"]
[Site "Novi Sad"]
[Date "2019.07.01"]
[Round "2"]
[White "Dolgun, Can"]
[Black "Kojovic, Dragan"]
[Result "0-1"]
[WhiteElo "1931"]
[BlackElo "2344"]
[PlyCount "120"]
[EventDate "2019.??.??"]

1. e4 e6 2. d4 d5 3. Nc3 Bb4 4. e5 c5 5. Bd2 Bxc3 6. Bxc3 b6 7. Qg4 Kf8 8. h4
h5 9. Qf4 Ba6 10. Ne2 Ne7 11. g3 Nbc6 12. Bh3 Qc8 13. Qe3 Bxe2 14. Qxe2 cxd4
15. Bd2 Qc7 16. f4 g6 17. O-O-O a5 18. Kb1 a4 19. g4 Rc8 20. gxh5 gxh5 21. Rdf1
a3 22. b3 Na7 23. Bb4 Nb5 24. Qd3 Nc3+ 25. Ka1 Ne4 26. f5 exf5 27. Rxf5 Qxc2
28. Qxc2 Rxc2 29. e6 Nc5 30. Rxf7+ Ke8 31. Bxa3 d3 32. Kb1 Rg8 33. Rhf1 Rh2 34.
R7f3 Ne4 35. Rxd3 Rxh3 36. Rxh3 Nd2+ 37. Kb2 Nxf1 38. Rf3 Ng3 39. Rf7 Ngf5 40.
Rh7 Rg6 41. Rh8+ Ng8 42. Rxh5 Nfh6 43. e7 Rc6 44. Kb1 d4 45. Bc1 Kxe7 46. Bxh6
Nxh6 47. Re5+ Kd6 48. Rg5 Ke7 49. Re5+ Kf6 50. Re1 Nf5 51. h5 Kg5 52. Re5 Kf4
53. Rd5 Ke4 54. Rd8 d3 55. Re8+ Kf4 56. Rd8 Ke3 57. Re8+ Kf3 58. Rf8 Ke4 59.
Re8+ Kd4 60. Rd8+ Nd6 0-1

[Event "Friendly match Novi Sad-Turkey, A group"]
[Site "Novi Sad"]
[Date "2019.07.01"]
[Round "8"]
[White "Sahin, Ozgun"]
[Black "Jevtic, Miodrag"]
[Result "0-1"]
[WhiteElo "2234"]
[BlackElo "2234"]
[PlyCount "110"]
[EventDate "2019.??.??"]

1. e4 Nf6 2. Nc3 d5 3. exd5 Nxd5 4. d4 c6 5. Nf3 g6 6. Ne4 Bg7 7. c4 Nf6 8. Ng3
O-O 9. Be2 Bg4 10. O-O Nbd7 11. Be3 Re8 12. Qb3 Qb6 13. Qa4 Qc7 14. Rfd1 e5 15.
d5 Bf8 16. Rac1 e4 17. Nd4 Bxe2 18. Ngxe2 Nc5 19. Qc2 Nd3 20. Rxd3 exd3 21.
Qxd3 cxd5 22. cxd5 Qd7 23. Nb5 Qxd5 24. Bd4 Qe4 25. Qxe4 Rxe4 26. Nec3 Rf4 27.
Ne2 Rf5 28. Nc7 Rd8 29. Bxa7 Rd2 30. Ng3 Ra5 31. Be3 Rd7 32. a3 Nd5 33. Nxd5
Raxd5 34. Rc8 Rd1+ 35. Nf1 Kg7 36. g4 h6 37. Kg2 Be7 38. Ng3 Bf6 39. b3 Bd4 40.
Bf4 Rd3 41. Rc4 f6 42. Rb4 Bc5 43. Rb5 Bxa3 44. Ne4 R3d5 45. Rb6 Be7 46. h4 Bd8
47. Rb4 Rd4 48. Rxd4 Rxd4 49. Nc5 Kf7 50. Kf3 b6 51. Ne4 h5 52. gxh5 gxh5 53.
Nd2 b5 54. Ke3 Bb6 55. Kf3 Kg6 0-1

[Event "Friendly match Novi Sad-Turkey, A group"]
[Site "Novi Sad"]
[Date "2019.07.02"]
[Round "9"]
[White "Jevtic, Miodrag"]
[Black "Dolgun, Can"]
[Result "1/2-1/2"]
[WhiteElo "2234"]
[BlackElo "1931"]
[PlyCount "63"]
[EventDate "2019.??.??"]

1. Nf3 Nf6 2. b3 g6 3. Bb2 Bg7 4. e3 O-O 5. Be2 d6 6. d4 e5 7. dxe5 Ng4 8. Nc3
Nxe5 9. O-O Nbc6 10. Nd4 a6 11. Nd5 Ne7 12. Nxe7+ Qxe7 13. Qc1 Bd7 14. c4 c5
15. Nf3 Bc6 16. Nxe5 dxe5 17. Rd1 Qg5 18. Bf1 Rad8 19. Qc2 Bf3 20. Rxd8 Rxd8
21. Kh1 Bc6 22. Rd1 Rxd1 23. Qxd1 h5 24. Qc2 Qd8 25. Kg1 Qd6 26. Be2 Qd8 27.
Bc3 Qg5 28. Bf1 h4 29. h3 Bd7 30. Kh2 Bc6 31. Kg1 Bd7 32. Kh2 1/2-1/2

[Event "Friendly match Novi Sad-Turkey, A group"]
[Site "Novi Sad"]
[Date "2019.07.02"]
[Round "9"]
[White "Kojovic, Dragan"]
[Black "Danaci, Ege"]
[Result "1-0"]
[WhiteElo "2344"]
[BlackElo "1909"]
[PlyCount "57"]
[EventDate "2019.??.??"]

1. d4 d5 2. Bg5 h6 3. Bh4 c5 4. e3 cxd4 5. exd4 Nc6 6. c3 Bf5 7. Qb3 Qd7 8. Bb5
Bxb1 9. Rxb1 Qe6+ 10. Be2 Qe4 11. Rd1 O-O-O 12. Bg3 e5 13. Nf3 exd4 14. cxd4
Re8 15. O-O Bb4 16. Bd3 Qe6 17. Rc1 Ba5 18. Qa4 Bc7 19. Rce1 Qd7 20. Bf5 Re6
21. b4 Kb8 22. b5 Nd8 23. Ne5 Qe8 24. Rc1 Ne7 25. Rxc7 Kxc7 26. Qa5+ Kc8 27.
Rc1+ Ndc6 28. Nxc6 Nxf5 29. Qc7# 1-0

[Event "Friendly match Novi Sad-Turkey, A group"]
[Site "Novi Sad"]
[Date "2019.07.02"]
[Round "9"]
[White "Jotic, Vladimir"]
[Black "Celik, Hasan Huseyin"]
[Result "0-1"]
[WhiteElo "2339"]
[BlackElo "1727"]
[PlyCount "132"]
[EventDate "2019.??.??"]

1. e4 e6 2. d3 d5 3. Nd2 c5 4. Ngf3 Nc6 5. g3 Nf6 6. Bg2 dxe4 7. dxe4 e5 8. O-O
Qc7 9. c3 Be7 10. Qc2 O-O 11. Re1 h6 12. Nf1 Be6 13. Ne3 Rfd8 14. Bf1 Rac8 15.
Bc4 Bxc4 16. Nxc4 b5 17. Ne3 c4 18. Nf5 Bf8 19. Qe2 Rd3 20. h4 Rcd8 21. Nh2 Kh7
22. h5 Bc5 23. Kg2 Ne7 24. Nxe7 Qxe7 25. Nf3 Qe6 26. a4 a6 27. axb5 axb5 28.
Nh4 Qg4 29. f3 Qe6 30. Nf5 Qb6 31. f4 exf4 32. Bxf4 Re8 33. e5 Qc6+ 34. Kh2 Qe6
35. Nh4 Ng4+ 36. Kg2 Qc6+ 37. Qe4+ Qxe4+ 38. Rxe4 Nf6 39. exf6 Rxe4 40. fxg7
Kxg7 41. Nf5+ Kh7 42. Ra6 Re6 43. Ra8 Rd5 44. g4 Rd3 45. Ng3 Bd6 46. Bxd6 Rexd6
47. Nf5 Rf6 48. Ra7 b4 49. cxb4 Rb3 50. Rc7 Rxb2+ 51. Kf3 Rxb4 52. Ke4 c3+ 53.
Ke5 Re6+ 54. Kd5 Ra6 55. Rxf7+ Kg8 56. Rc7 Rxg4 57. Ne7+ Kf8 58. Ng6+ Kg8 59.
Rxc3 Rg5+ 60. Ke4 Ra4+ 61. Kf3 Rxh5 62. Rc7 Rh3+ 63. Kg2 Rb3 64. Ne7+ Kf7 65.
Nc8+ Ke6 66. Rc2 Ra8 0-1

[Event "Friendly match Novi Sad-Turkey, A group"]
[Site "Novi Sad"]
[Date "2019.07.02"]
[Round "9"]
[White "Remecki, Sinisa"]
[Black "Sahin, Ozgun"]
[Result "1-0"]
[WhiteElo "2254"]
[BlackElo "2234"]
[PlyCount "57"]
[EventDate "2019.??.??"]

1. d4 d5 2. Bf4 c5 3. dxc5 Nc6 4. Nf3 e6 5. e3 Bxc5 6. a3 Nf6 7. Nbd2 O-O 8.
Be2 Re8 9. Ne5 Nd7 10. Nxd7 Bxd7 11. Bg3 Qf6 12. O-O a5 13. c4 a4 14. b4 axb3
15. Nxb3 Bxa3 16. cxd5 exd5 17. Qxd5 Be6 18. Qb5 Qe7 19. Bf3 Ra7 20. Rfd1 Bb4
21. Rab1 Rc8 22. Nd4 Nxd4 23. exd4 Ba5 24. Bxb7 Rd8 25. d5 Bg4 26. f3 Bd7 27.
Bc6 Bc3 28. Bf2 Ra2 29. Bxd7 1-0

[Event "Friendly match Novi Sad-Turkey, A group"]
[Site "Novi Sad"]
[Date "2019.07.02"]
[Round "9"]
[White "Leskur, Dejan"]
[Black "Parezanin, Darko"]
[Result "1/2-1/2"]
[WhiteElo "2338"]
[BlackElo "2242"]
[PlyCount "38"]
[EventDate "2019.??.??"]

1. Nf3 Nf6 2. b3 d5 3. Bb2 g6 4. c4 c6 5. g3 Bg7 6. Bg2 O-O 7. O-O Nbd7 8. d4
Ne4 9. Na3 a6 10. cxd5 cxd5 11. Qc2 Ndf6 12. Rac1 Bd7 13. Qc7 b5 14. Ne5 b4 15.
Nxd7 Nxd7 16. Nb1 Nc3 17. Qxd8 Nxe2+ 18. Kh1 Raxd8 19. Rcd1 e6 1/2-1/2